000 00789nam a2200241 a 4500
001 BRCA_4973
005 20190320204901.0
008 261010m15591605gw-a######---#000-0#ger-#
041 _ager
044 _agw
050 4 _aNK550
_b.S26 1559
245 1 0 _aSammlung desfreiherrn Adalbert von Lanna
_bPrag.
260 _aBerlín
_bRudolph Lepke´s Kunst-Auctions-Haus
_c1559-1605
300 _a2 v.
_bil., láminas
_c35 cm.
500 _aIncluye índice de piezas expuestas y a subastar
500 _aTitulo en cubierta: Sammlung Lanna: Prag
500 _aDD35
650 1 4 _aArtes decorativas
_vCatálogos
_xColecciones privadas
_zRepública Checa, Praga
_912656
650 1 4 _aArte
_vCatálogos
_94925
700 1 _aLanna, Adalbert von
_d1867-1909
_912657
902 _aGFM
942 _2lcc
_cB
999 _c4667
_d4667